|
|
|
|
| LEADER |
02269nam a2200433 4500 |
| 001 |
978-981-10-6361-9 |
| 003 |
DE-He213 |
| 005 |
20190618161549.0 |
| 007 |
cr nn 008mamaa |
| 008 |
171117s2018 si | s |||| 0|eng d |
| 020 |
|
|
|a 9789811063619
|9 978-981-10-6361-9
|
| 024 |
7 |
|
|a 10.1007/978-981-10-6361-9
|2 doi
|
| 040 |
|
|
|d GrThAP
|
| 050 |
|
4 |
|a RF1-547
|
| 072 |
|
7 |
|a MJP
|2 bicssc
|
| 072 |
|
7 |
|a MED066000
|2 bisacsh
|
| 072 |
|
7 |
|a MJP
|2 thema
|
| 082 |
0 |
4 |
|a 617.51
|2 23
|
| 100 |
1 |
|
|a Das, Jayita.
|e author.
|4 aut
|4 http://id.loc.gov/vocabulary/relators/aut
|
| 245 |
1 |
0 |
|a Trauma in Otolaryngology
|h [electronic resource] /
|c by Jayita Das.
|
| 250 |
|
|
|a 1st ed. 2018.
|
| 264 |
|
1 |
|a Singapore :
|b Springer Singapore :
|b Imprint: Springer,
|c 2018.
|
| 300 |
|
|
|a XVII, 185 p. 52 illus., 40 illus. in color.
|b online resource.
|
| 336 |
|
|
|a text
|b txt
|2 rdacontent
|
| 337 |
|
|
|a computer
|b c
|2 rdamedia
|
| 338 |
|
|
|a online resource
|b cr
|2 rdacarrier
|
| 347 |
|
|
|a text file
|b PDF
|2 rda
|
| 505 |
0 |
|
|a Part I: Principles of Trauma Management in Ent, Head and Neck -- Introduction and Historical Backdrop -- General Considerations in Trauma -- Injury and Wound Healing -- Part II: ENT Trauma by Region -- Trauma to Ear -- Trauma to Nose and Face -- Trauma to Aero Digestive Tract -- Trauma to Eye -- Foreign Bodies in Aerodigestive Tract -- Part III: Brain Teasers -- Case Scenarios.
|
| 520 |
|
|
|a Trauma is an important aspect of all clinical care specialties. As a rule, each specialty has its own approaches to and protocols for dealing with trauma. This book focuses on the various aspects of trauma in ENT for all groups of practitioners - students, trainees and independent professionals alike - and provides an essential guide to the optimal management of ENT trauma.
|
| 650 |
|
0 |
|a Otorhinolaryngology.
|
| 650 |
1 |
4 |
|a Otorhinolaryngology.
|0 http://scigraph.springernature.com/things/product-market-codes/H46007
|
| 710 |
2 |
|
|a SpringerLink (Online service)
|
| 773 |
0 |
|
|t Springer eBooks
|
| 776 |
0 |
8 |
|i Printed edition:
|z 9789811063602
|
| 776 |
0 |
8 |
|i Printed edition:
|z 9789811063626
|
| 776 |
0 |
8 |
|i Printed edition:
|z 9789811348648
|
| 856 |
4 |
0 |
|u https://doi.org/10.1007/978-981-10-6361-9
|z Full Text via HEAL-Link
|
| 912 |
|
|
|a ZDB-2-SME
|
| 950 |
|
|
|a Medicine (Springer-11650)
|